000 00837nam a2200265 a 4500
008
020 _a0134558588 (pbk.)
049 _aMAIN
090 _aHD30.28
_bMIN
100 1 _aMintzberg, Henry.
245 1 4 _aThe strategy process :
_bconcepts, contexts, cases /
_cHenry Mintzberg and James Brian Quinn.
250 _a3rd ed.
260 _aUpper Saddle River :
_bPrentice Hall,
_cc1996.
300 _axviii, 990 p. :
_bill. (some col.) ;
_c26 cm.
504 _aIncludes bibliographical references.
500 _aIncludes index.
650 0 _aStrategic planning.
650 0 _aStrategic planning
_xCase studies.
700 1 _aQuinn, James Brian.
907 _a.b10050589
_b31-10-11
_c17-04-03
003
005 20230123125339.0
040 _cNUST
942 _cBOOKS
_kHD30.28
_mMIN
999 _c139953
_d139953